000 00505 a2200157 4500
999 _c7293
_d7293
020 _a9788131513507
050 _aHB615 RED 2010
100 _aReddy, P. Narayana
_eauthor
245 _aEntrepreneurship :
_btext and cases /
_cP. Narayana Reddy
264 _aDelhi :
_bCengage Learning India,
_c2010.
300 _a402p. :
_bill.
500 _aIncludes bibliographical references and index
650 _aEntrepreneurship
650 _aNew business enterprises -- Case studies
942 _2lcc
_cBK
_h615
_iRED
_kHB